Word Puzzles - Movie Titles #1 - Statistics

General Stats
  • This quiz has been taken 40,507 times
    12,551 since last reset
  • The average score is 28 of 43
Answer Stats
Clue Answer % Correct
What Santa says Ho
95%
Vincent ___ Gogh Van
95%
Be a vocalist Sing
91%
Place for sinners Hell
90%
Puffy African-American hairstyle Fro
89%
Gore's first name Al
87%
Alcoholic's favorite spot Bar
86%
Sorcerer's tool Wand
85%
Create a sum Add
83%
Cry me a this River
82%
(movie title) Van Helsing
81%
Jump head first Dive
79%
Place where crops are grown Field
78%
Swing and not hit Miss
78%
Unit of garlic Clove
74%
(movie title) Aladdin
73%
Ye olde place for lodging Inn
73%
100% of All
71%
Lyme Disease spreader Tick
70%
Hesitator's noise Er
69%
French for "street" Rue
67%
(movie title) Mystic River
63%
(movie title) Cloverfield
62%
Scottish for yes Aye
61%
(movie title) Frozen
60%
Branch of Buddhism Zen
60%
Common fuel for power plants Coal
59%
Bear's abode Den
59%
Like, obviously Duh
59%
Word following train, ship, or nervous Wreck
59%
Tree creature of Middle Earth Ent
58%
Poker player's revealing action Tell
56%
Apiarist's concern Bee
54%
(movie title) Barbie
52%
(movie title) Hotel Rwanda
52%
Opposite of "former" Latter
49%
Desire or impulse Urge
45%
(movie title) Divergent
44%
(movie title) Collateral
40%
Desired and planned for outcome Goal
31%
(movie title) GoldenEye
29%
Button introduced in Windows 95 Start
27%
(movie title) Star Trek
22%
No matching quizzes found
Score Distribution
Percent of People with Each Score
Percentile by Number Answered
Your Score History
You have not taken this quiz since the last reset